000
00316nam a2200133 a 4500
005
20140412111325.0
008
110129s19uu xx 00 eng d
050
_a
ER
_b
Do655 19--
245
_a
Dolly Alphabet.
260
_a
Delhi PH :
_b
Arora book,
_c
19--
300
_a
unp.
650
_a
Alphabet
999
_c
104595
_d
104595